Т. 57, № 1; Вестник Московского университета

Библиографические подробности
Источник:Вестник Московского университета: научный журнал/ Московский государственный университет им. М. В. Ломоносова (МГУ). Т. 57, № 1.— , 1960-
Примечания:Режим доступа: по договору с организацией-держателем ресурса
Язык:русский
Опубликовано: 2016
Online-ссылка:https://elibrary.ru/contents.asp?id=34221281
Формат: MixedMaterials Электронный ресурс Книга
Запись в KOHA:https://koha.lib.tpu.ru/cgi-bin/koha/opac-detail.pl?biblionumber=578339

MARC

LEADER 00000nam2a2200000 4500
001 578339
005 20231101130440.0
035 |a (RuTPU)RU\TPU\prd\277911 
035 |a RU\TPU\prd\176938 
090 |a 578339 
100 |a 20180621a19469999k y0rusy50 ca 
101 0 |a rus 
102 |a RU 
181 0 |a i  
182 0 |a b 
200 0 |a Т. 57, № 1  |b Электронный ресурс 
203 |a Текст  |c электронный 
210 |d 2016 
333 |a Режим доступа: по договору с организацией-держателем ресурса 
461 1 |0 (RuTPU)RU\TPU\prd\1395  |t Вестник Московского университета  |h Сер. 2  |i Химия  |o научный журнал  |f Московский государственный университет им. М. В. Ломоносова (МГУ)  |v Т. 57, № 1  |d 1960- 
801 0 |a RU  |b 63413507  |c 20010227  |g PSBO 
801 1 |a RU  |b 63413507  |c 20130430 
801 2 |a RU  |b 63413507  |c 20180621  |g RCR 
856 4 0 |u https://elibrary.ru/contents.asp?id=34221281 
942 |c BK